Fourteenth Annual Report of the Federal Reserve Board.

Bibliographic Details
Corporate Authors: United States. Federal Reserve Board, ProQuest (Firm)
Format: Government Document eBook
Language:English
Published: Washington : [publisher not identified], 1928.
Series:United States congressional serial set.
Subjects:
Online Access:Connect to the full text of this electronic book

MARC

Tag First Indicator Second Indicator Subfields
LEADER 00000cam a22000001a 4500
001 in00002789961
005 20190331181803.0
006 m o d
007 cr bn mmmapmmp
008 091231s1928 dcubd o f000 0 eng d
035 |a cis2004334877 
040 |a UMI  |c UMI  |d UtOrBLW 
043 |a n-us--- 
086 0 |a FR 1.1:927 
099 |a ProQuest Serial Set Number 8953 H.doc.205 
110 1 |a United States.  |b Federal Reserve Board. 
245 1 0 |a Fourteenth Annual Report of the Federal Reserve Board. 
246 1 |a Report of Federal Reserve Board, 1927 
264 1 |a Washington :  |b [publisher not identified],  |c 1928. 
300 |a 1 online resource. 
336 |a text  |b txt  |2 rdacontent 
337 |a computer  |b c  |2 rdamedia 
338 |a online resource  |b cr  |2 rdacarrier 
490 0 |a H.doc.205 
500 |a Record is based on bibliographic data in ProQuest U.S. Serial Set Digital Collection (last viewed Dec. 2009). Reuse except for individual research requires license from ProQuest, LLC. 
510 3 |a ProQuest U.S. Serial Set Digital Collection 
500 |a Electronic resource. 
610 2 0 |a Board of Governors of the Federal Reserve System (U.S.) 
610 1 0 |a United States.  |b Federal Reserve Board. 
650 0 |a Banks and banking. 
655 7 |a Electronic books.  |2 local 
710 2 |a ProQuest (Firm) 
830 0 |a United States congressional serial set. 
856 4 0 |u http://proxy.library.tamu.edu/login?url=http://congressional.proquest.com/congcomp/getdoc?SERIAL-SET-ID=8953+H.doc.205  |z Connect to the full text of this electronic book  |t 0 
999 |a MARS 
999 f f |s bb5986e0-d1a3-37e1-a1dc-15bcb309ed34  |i f542e1e7-d886-3b74-96e8-7c06fcc827fb  |t 0 
952 f f |a Texas A&M University  |b College Station  |c Electronic Resources  |d Available Online  |t 0  |e ProQuest Serial Set Number 8953 H.doc.205  |h Other scheme 
998 f f |a ProQuest Serial Set Number 8953 H.doc.205  |t 0  |l Available Online